000 00613nam a2200217 4500
003 OSt
005 20240701030146.0
006 a
008 240701b |||||||| |||| 00| 0 eng d
020 _a0764597329
040 _aDWCL-Main lib.
_cOC
082 _aCirc. 641.874 M678 2006
245 _aMr. Borton official bartender’s and party guide /
260 _aN. J. :
_bJohn Wiley & Sons, Inc.,
_cc2006.
300 _aix,
_b244 p. : col. ill. ;
_c19 cm.
504 _aIncludes index.
650 _a1. Bartending.
650 _a2. Cocktails.
700 _aAnthony Giglio
942 _2ddc
_n0
_cBK-CIRC
_kCirc.
999 _c1687
_d1687